State Capitals Closest to Memphis - Statistics

General Stats
  • This quiz has been taken 89 times
  • The average score is 8 of 10
Answer Stats
Distance (Miles) State Capital % Correct
129.7 Little Rock
94%
196.7 Jackson
92%
196.4 Nashville
92%
288.2 Montgomery
88%
330.8 Baton Rouge
82%
355.4 Frankfort
82%
264.4 Jefferson City
82%
336.8 Atlanta
80%
322 Springfield
74%
383.8 Indianapolis
72%
No matching quizzes found
Score Distribution
Percent of People with Each Score
Percentile by Number Answered
Your Score History
You have not taken this quiz